000 00290nam a22001337a 4500
008 170608b xxu||||| |||| 00| 0 eng d
020 _a9780415296649
041 _aeng
080 _a94(4)
100 _a18
101 _aSHH
245 _aPUTIN RUSSIA'S CHOICE
_cSAKWA,R
942 _2udc
_cBK
999 _c16556
_d16556